[Event "3rd ACT"]
[Site "Amsterdam NED"]
[Date "2006.07.21"]
[Round "7"]
[White "Hunt,A"]
[Black "Ernst,S"]
[Result "1/2-1/2"]
[WhiteElo "2457"]
[BlackElo "2504"]
[EventDate "2006.07.15"]

1. e4 e5 2. Nf3 Nc6 3. Bb5 g6 4. O-O Bg7 5. c3 a6 6. Ba4 d6 7. h3 Bd7 8. d4
Nf6 9. Nbd2 O-O 10. Re1 Qe8 11. Bc2 Nh5 12. Nc4 Kh8 13. Ne3 Nf4 14. Nd5 Ne6
15. dxe5 dxe5 16. Ng5 Ncd8 17. Qe2 f6 18. Nxe6 Nxe6 19. Be3 f5 20. exf5
gxf5 21. f4 Bc6 22. Bb3 a5 23. a3 Bxd5 24. Bxd5 Nxf4 25. Bxf4 exf4 26. Bxb7
Rb8 27. Qxe8 Rfxe8 28. Rxe8+ Rxe8 29. Rd1 Bf6 30. Ba6 Kg7 31. Bc4 1/2-1/2

[Event "3rd ACT"]
[Site "Amsterdam NED"]
[Date "2006.07.21"]
[Round "7"]
[White "Van de Oudeweetering,A"]
[Black "Holzke,F"]
[Result "1-0"]
[WhiteElo "2345"]
[BlackElo "2472"]
[EventDate "2006.07.15"]

1. e4 e6 2. d4 d5 3. Nc3 Nf6 4. e5 Nfd7 5. Nf3 c5 6. dxc5 Nc6 7. Bf4 Bxc5
8. Bd3 f6 9. exf6 Nxf6 10. Qe2 O-O 11. O-O-O Bd7 12. h4 Qb6 13. Na4 Qb4 14.
Nxc5 Qxf4+ 15. Kb1 Qd6 16. Nxd7 Qxd7 17. Rhe1 Rae8 18. Ne5 Qe7 19. f4 Nxe5
20. Qxe5 Nd7 21. Qe3 Qb4 22. g3 e5 23. c3 Qd6 24. fxe5 Rxe5 25. Qxa7 Rxe1
26. Rxe1 Qxg3 27. Rd1 Ne5 28. Bc2 Nc4 29. Qd4 Qg2 30. a4 Rf1 31. Rxf1 Qxf1+
32. Ka2 Qg2 33. Qd3 g6 34. b4 Ne5 35. Qd1 Ng4 36. Kb3 Ne3 37. Qd3 Nxc2 38.
Qxc2 Qf1 39. a5 Qc4+ 40. Ka3 Qxh4 41. Qd3 Qg5 42. b5 Kf7 43. a6 bxa6 44.
bxa6 d4 45. Qc4+ Ke7 46. Qb4+ Kd7 47. a7 Qc1+ 48. Qb2 Qh1 49. Qb5+ Ke7 50.
Qe5+ Kd7 51. Qg7+ Kd6 52. Qf8+ Kd7 53. Qf7+ Kd6 54. Qf4+ Kd7 55. Qf7+ Kd6
56. Kb4 Qb1+ 57. Qb3 Qe4 58. Ka5 Ke7 59. Qb4+ Kf7 60. Qc4+ 1-0

[Event "3rd ACT"]
[Site "Amsterdam NED"]
[Date "2006.07.21"]
[Round "7"]
[White "Hendriks,W"]
[Black "De Boer,Sy"]
[Result "1-0"]
[WhiteElo "2426"]
[BlackElo "2353"]
[EventDate "2006.07.15"]

1. e4 e5 2. Bc4 Nf6 3. d3 Nc6 4. Nf3 Be7 5. O-O O-O 6. c3 d5 7. exd5 Nxd5
8. Re1 Bg4 9. a4 Qd6 10. Nbd2 Rad8 11. h3 Bf5 12. Ne4 Qg6 13. Ng3 Be6 14.
Bb5 f6 15. a5 a6 16. Bc4 Qf7 17. Qb3 Rb8 18. Bd2 b5 19. axb6 cxb6 20. Qd1
b5 21. Bxd5 Bxd5 22. Rxa6 Rfd8 23. Qe2 Bf8 24. Be3 Ne7 25. d4 e4 26. Nd2 f5
27. Bf4 Rb7 28. Be5 Rc8 29. f3 exf3 30. Nxf3 b4 31. Ng5 Qe8 32. Qd2 bxc3
33. bxc3 Qb5 34. Rd6 Qb2 35. Bf4 Rxc3 36. Nxf5 Nxf5 37. Qxb2 Rxb2 38. Rxd5
Nh4 39. Rd8 h6 40. Rxf8+ 1-0

[Event "3rd ACT"]
[Site "Amsterdam NED"]
[Date "2006.07.21"]
[Round "7"]
[White "Ferguson,M"]
[Black "Ashton,A"]
[Result "1-0"]
[WhiteElo "2389"]
[BlackElo "2329"]
[EventDate "2006.07.15"]

1. e4 e5 2. Nf3 Nc6 3. Bc4 Nf6 4. Ng5 d5 5. exd5 Na5 6. Bb5+ c6 7. dxc6
bxc6 8. Be2 h6 9. Nf3 e4 10. Ne5 Bc5 11. c3 Bd6 12. f4 Qc7 13. d4 exd3 14.
Qxd3 O-O 15. O-O Nb7 16. Nd2 Nc5 17. Qg3 Bf5 18. Ndc4 Nce4 19. Qf3 Bc5+ 20.
Be3 Bxe3+ 21. Qxe3 Nd5 22. Qf3 f6 23. Ng4 Rfe8 24. Bd3 Qe7 25. Nf2 Bh7 26.
Rae1 f5 27. g3 g5 28. fxg5 Nxg5 29. Qh5 Qxe1 30. Rxe1 Rxe1+ 31. Kg2 f4 32.
Bxh7+ Kxh7 33. Ng4 f3+ 34. Kf2 Rae8 35. Qxh6+ Kg8 36. Qxg5+ Kh7 37. Nce5
1-0

[Event "3rd ACT"]
[Site "Amsterdam NED"]
[Date "2006.07.21"]
[Round "7"]
[White "Vogel,Ja"]
[Black "Li Shilong"]
[Result "0-1"]
[WhiteElo "2246"]
[BlackElo "2540"]
[EventDate "2006.07.15"]

1. Nf3 Nf6 2. g3 g6 3. Bg2 Bg7 4. d4 O-O 5. O-O d6 6. c4 Nbd7 7. Qc2 e5 8.
Rd1 Re8 9. dxe5 dxe5 10. Nc3 c6 11. e4 Qe7 12. h3 Nh5 13. b3 Nf8 14. a4 a5
15. Ba3 Qf6 16. Rd3 Ne6 17. Ne2 c5 18. Nc3 Nd4 19. Nxd4 cxd4 20. Nb5 Qd8
21. Kh2 Be6 22. Rf1 Ra6 23. Qe2 Qb8 24. Bf3 Nf6 25. Bg2 Nd7 26. Kh1 Bf8 27.
Bxf8 Rxf8 28. f4 Nc5 29. Rdf3 exf4 30. gxf4 d3 31. Qd1 Nxe4 32. Rxd3 Bf5
33. Re3 Re8 34. Qd4 Rae6 35. Kg1 b6 36. Bxe4 Rxe4 37. Rxe4 Rxe4 38. Qd6
Qxd6 39. Nxd6 Re3 40. Nxf5 gxf5 41. Kg2 Rxb3 42. c5 bxc5 43. Re1 Rb4 44.
Re5 Rxa4 45. Kg3 Ra3+ 46. Kh4 Kg7 47. Rxf5 f6 48. Rxc5 Kg6 49. Kg4 h5+ 50.
Kh4 Ra4 51. Kg3 Ra1 52. Kh4 Ra3 53. Rb5 Rf3 54. Rxa5 Rxf4+ 55. Kg3 Rf5 56.
Ra8 Re5 57. Rg8+ Kf7 58. Rh8 Kg7 59. Ra8 Rc5 60. Rb8 Kg6 61. Rg8+ Kf5 62.
Rh8 Rc3+ 63. Kh4 Kf4 64. Rxh5 f5 65. Rh8 Kf3 66. Kg5 f4 67. h4 Rc5+ 68. Kg6
Kg4 69. Rf8 Rc6+ 70. Kg7 Rc4 71. Rh8 f3 72. h5 f2 73. Rf8 Rf4 74. Rxf4+
Kxf4 75. h6 f1=Q 76. h7 Qa1+ 77. Kg8 Qa8+ 78. Kg7 Qb7+ 79. Kg8 Qc8+ 80. Kg7
Qd7+ 81. Kg8 Qe8+ 82. Kg7 Qe7+ 83. Kg8 Kg5 84. h8=Q Kg6 0-1

[Event "3rd ACT"]
[Site "Amsterdam NED"]
[Date "2006.07.21"]
[Round "7"]
[White "Slingerland,F"]
[Black "Spoelman,W"]
[Result "0-1"]
[WhiteElo "2338"]
[BlackElo "2461"]
[EventDate "2006.07.15"]

1. e4 c5 2. Nf3 d6 3. d4 cxd4 4. Nxd4 Nf6 5. Nc3 a6 6. Bg5 Nbd7 7. f4 b5 8.
Qf3 Bb7 9. O-O-O e6 10. Qh3 b4 11. Nb1 Be7 12. e5 dxe5 13. fxe5 Ne4 14. Be3
Bg5 15. Nd2 Nxd2 16. Rxd2 Bxe3 17. Qxe3 Qa5 18. Bc4 Qxe5 19. Qb3 Nc5 20.
Qxb4 Rb8 21. Re2 Be4 22. Qd2 O-O 23. Nb3 Rfd8 24. Qe3 Na4 25. c3 f5 26. Rd1
Rxd1+ 27. Kxd1 Nb6 28. Bd3 Nd5 29. Qd2 Nf4 30. Re1 Nxd3 31. Qxd3 Qxh2 32.
Qxa6 Qxg2 33. Nd2 Rd8 34. Re2 Qf1+ 0-1

[Event "3rd ACT"]
[Site "Amsterdam NED"]
[Date "2006.07.21"]
[Round "7"]
[White "Pliester,L"]
[Black "Afek,Y"]
[Result "1/2-1/2"]
[WhiteElo "2391"]
[BlackElo "2316"]
[EventDate "2006.07.15"]

1. e4 c5 2. Nf3 Nf6 3. e5 Nd5 4. Nc3 e6 5. Nxd5 exd5 6. d4 Nc6 7. dxc5 Bxc5
8. Qxd5 d6 9. exd6 Qb6 10. Qe4+ Be6 11. Qh4 Bxd6 12. Bd3 Nb4 13. O-O Nxd3
14. cxd3 O-O 15. b3 Bf5 16. Be3 Qa6 17. Rfd1 Rac8 18. a4 Bg6 19. b4 b6 20.
b5 Qb7 21. h3 Be7 22. Qf4 Rfd8 23. Rac1 Rxc1 24. Rxc1 Rxd3 25. Ne5 Rd5 26.
Nc6 h6 27. Qc4 Rd6 28. Ne5 Bd8 29. Bf4 Kh7 30. g3 Bg5 31. Bxg5 hxg5 32. h4
Qe7 33. Nxg6 Rxg6 34. hxg5 Qxg5 35. Kg2 Rh6 36. Qd3+ g6 37. Rc7 Qh5 38.
Rxf7+ Kg8 39. Qd8+ Kxf7 40. Qd7+ Kf8 1/2-1/2

[Event "3rd ACT"]
[Site "Amsterdam NED"]
[Date "2006.07.21"]
[Round "7"]
[White "Becker,Mart"]
[Black "Gullaksen,E"]
[Result "1/2-1/2"]
[WhiteElo "2335"]
[BlackElo "2387"]
[EventDate "2006.07.15"]

1. e4 e5 2. f4 d5 3. exd5 exf4 4. Nf3 Nf6 5. Bc4 Nxd5 6. Bxd5 Qxd5 7. Nc3
Qf5 8. d4 Bb4 9. Qe2+ Qe6 10. Bxf4 Bxc3+ 11. bxc3 c6 12. Rb1 b6 13. c4
Qxe2+ 14. Kxe2 Be6 15. Kd3 O-O 16. a4 Nd7 17. Ne5 Nxe5+ 1/2-1/2

[Event "3rd ACT"]
[Site "Amsterdam NED"]
[Date "2006.07.21"]
[Round "7"]
[White "Tan,Mat"]
[Black "Pruijssers,R"]
[Result "1/2-1/2"]
[WhiteElo "2288"]
[BlackElo "2355"]
[EventDate "2006.07.15"]

1. e4 e5 2. Nf3 Nc6 3. Bb5 a6 4. Ba4 Nf6 5. O-O Be7 6. Re1 b5 7. Bb3 d6 8.
h3 Na5 9. d3 O-O 10. c3 Nxb3 11. axb3 Bb7 12. b4 Re8 13. Nbd2 Qd7 14. Nb3
Rad8 15. Qc2 h6 16. Na5 Ba8 17. d4 exd4 18. cxd4 d5 19. Ne5 Qe6 20. Nec6
Bxc6 1/2-1/2

[Event "3rd ACT"]
[Site "Amsterdam NED"]
[Date "2006.07.21"]
[Round "7"]
[White "Peelen,P"]
[Black "Swinkels,R"]
[Result "1-0"]
[WhiteElo "2352"]
[BlackElo "2286"]
[EventDate "2006.07.15"]

1. Nf3 Nf6 2. c4 g6 3. Nc3 d5 4. cxd5 Nxd5 5. Qa4+ Bd7 6. Qh4 Nxc3 7. dxc3
Nc6 8. Qg3 f6 9. e4 e5 10. h4 Bd6 11. h5 g5 12. Be2 Qe7 13. Nh2 Nd8 14. Ng4
Ne6 15. Nh6 Nc5 16. Qe3 a5 17. Bc4 Rf8 18. Qe2 Be6 19. Bxe6 Qxe6 20. f3 Nd7
21. Be3 Bc5 22. Bxc5 Nxc5 23. Qb5+ Qc6 24. Qxc6+ bxc6 25. O-O-O Ke7 26. b3
Rfd8 27. Kc2 a4 28. b4 Nb7 29. Nf5+ Ke6 30. Ne3 Nd6 31. c4 Rab8 32. Kc3 f5
33. exf5+ Nxf5 34. Ng4 Ng3 35. Rxd8 Rxd8 36. Re1 e4 37. Nf2 Nxh5 38. Nxe4
Nf4 39. g3 Ng6 40. Nxg5+ Kf5 41. Ne6 Rd6 42. Nd4+ Kf6 43. c5 Rd5 44. Re6+
Kf7 45. Rxc6 Rd7 46. b5 Ne7 47. Rh6 Kg7 48. Re6 Kf7 49. Re4 Nd5+ 50. Kc4
Nf6 51. Re5 Rd8 52. g4 h6 53. a3 Rd7 54. b6 cxb6 55. cxb6 Rd6 56. b7 Nd7
57. Rd5 Nb6+ 58. Kc5 Rxd5+ 59. Kxb6 Rxd4 60. b8=Q Rd3 61. Qf4+ Kg7 62. Qe5+
Kg8 63. Qf6 Rb3+ 64. Kc6 h5 65. gxh5 Kh7 66. h6 1-0

[Event "3rd ACT"]
[Site "Amsterdam NED"]
[Date "2006.07.21"]
[Round "7"]
[White "Wempe,Jo"]
[Black "Schlawin,M"]
[Result "0-1"]
[WhiteElo "2242"]
[BlackElo "2349"]
[EventDate "2006.07.15"]

1. d4 e6 2. e4 d5 3. Nd2 c5 4. exd5 exd5 5. Ngf3 Nf6 6. Bb5+ Bd7 7. Bxd7+
Nbxd7 8. O-O Be7 9. dxc5 Nxc5 10. Nb3 Nce4 11. Be3 O-O 12. Qd3 Qd7 13. Nfd4
Rac8 14. Rad1 b6 15. f3 Nd6 16. g4 Nc4 17. Bc1 Rfd8 18. Kg2 Bf8 19. Qf5
Qxf5 20. Nxf5 g6 21. Ng3 Bg7 22. Nd4 Re8 23. Kf2 Nd7 24. Nge2 Nc5 25. b3
Ne5 26. Nb5 Red8 27. Bg5 Rd7 28. h3 Ne6 29. Be3 Rxc2 30. a4 Rb2 31. f4 Nc6
32. Rc1 Nb4 33. Rc8+ Rd8 34. Nxa7 Rxc8 35. Nxc8 d4 36. Bc1 Nd3+ 37. Kf3
Rxb3 38. Ke4 Ndc5+ 39. Kd5 d3 40. Ng1 d2 41. Bxd2 Rd3+ 42. Kc6 Rxd2 43.
Nxb6 Rc2 44. Kb5 Nc7+ 45. Kb4 N5a6+ 46. Ka3 Rc3+ 47. Ka2 Nb4+ 48. Kb1 Rb3+
49. Kc1 Na2+ 0-1

[Event "3rd ACT"]
[Site "Amsterdam NED"]
[Date "2006.07.21"]
[Round "7"]
[White "Bachofner,A"]
[Black "Van Beek,L"]
[Result "1/2-1/2"]
[WhiteElo "2185"]
[BlackElo "2345"]
[EventDate "2006.07.15"]

1. Nf3 Nf6 2. b3 d5 3. Bb2 e6 4. e3 c5 5. Bb5+ Bd7 6. Qe2 Nc6 7. O-O Be7 8.
d3 O-O 9. Bxc6 Bxc6 10. Ne5 Be8 11. Nd2 Nd7 12. f4 f6 13. Nxd7 Qxd7 14. a4
b6 15. e4 Bf7 16. e5 f5 17. h3 Be8 18. Kh2 b5 19. axb5 Qxb5 20. Ba3 a5 21.
Qf2 Bc6 22. d4 Rfc8 23. dxc5 Be8 24. Nf3 Bxc5 25. Bxc5 Qxc5 26. Qxc5 Rxc5
27. Nd4 Kf7 28. Rf3 1/2-1/2

[Event "3rd ACT"]
[Site "Amsterdam NED"]
[Date "2006.07.21"]
[Round "7"]
[White "Van Oosterom,C"]
[Black "Miedema,R"]
[Result "0-1"]
[WhiteElo "2343"]
[BlackElo "2218"]
[EventDate "2006.07.15"]

1. e4 e6 2. d4 d5 3. Nc3 Bb4 4. e5 c5 5. a3 Bxc3+ 6. bxc3 Ne7 7. Qg4 O-O 8.
Bd3 Nbc6 9. Bg5 Qa5 10. Ne2 Ng6 11. O-O c4 12. Bxg6 fxg6 13. a4 Rf7 14. f4
Bd7 15. Rf3 Raf8 16. Rh3 Qb6 17. Qh4 h6 18. Kh1 Qb2 19. Rf1 Qxc2 20. Ng1
Rf5 21. Rf2 Qb1 22. g4 Qe4+ 23. Nf3 Rxf4 24. Bxf4 Rxf4 25. Rg3 g5 26. Qh3
Ne7 27. a5 Ng6 28. Kg1 Ba4 29. Nd2 Qc2 30. Rgf3 Qc1+ 31. Qf1 Rxg4+ 32. Kh1
Bd1 33. Re3 Rf4 34. Nf3 0-1

[Event "3rd ACT"]
[Site "Amsterdam NED"]
[Date "2006.07.21"]
[Round "7"]
[White "Zhang,T"]
[Black "Bezemer,A"]
[Result "1/2-1/2"]
[WhiteElo "2217"]
[BlackElo "2346"]
[EventDate "2006.07.15"]

1. e4 c5 2. Nf3 d6 3. d4 cxd4 4. Nxd4 Nf6 5. Nc3 a6 6. Bg5 e6 7. f4 Qc7 8.
Bxf6 gxf6 9. Qd2 Nc6 10. O-O-O Bd7 11. Kb1 O-O-O 12. Bc4 h5 13. Nxc6 Qxc6
14. Bb3 Kb8 15. f5 Be7 16. Qd3 Rdg8 17. Rhg1 Qc5 18. Ne2 Qe5 19. Nd4 Rg4
20. Rde1 Bd8 21. Nf3 Qc5 22. e5 fxe5 23. Nxe5 Bb5 24. c4 dxe5 25. cxb5 e4
26. Qd7 Qxb5 27. Qxb5 axb5 28. fxe6 fxe6 29. Bxe6 Rf4 30. g3 Rf2 1/2-1/2

[Event "3rd ACT"]
[Site "Amsterdam NED"]
[Date "2006.07.21"]
[Round "7"]
[White "Van Veen,O"]
[Black "Bensdorp,M"]
[Result "1-0"]
[WhiteElo "2225"]
[BlackElo "2290"]
[EventDate "2006.07.15"]

1. e4 e6 2. d3 d5 3. Nd2 Nf6 4. Ngf3 b6 5. c3 Be7 6. Qa4+ c6 7. e5 Nfd7 8.
d4 Qc7 9. h4 Bb7 10. Rh3 c5 11. a3 Nc6 12. Qd1 Rc8 13. Rb1 a5 14. Bd3 Ndb8
15. Nf1 Ba6 16. Bxa6 Nxa6 17. Rg3 Bf8 18. h5 h6 19. Ne3 b5 20. Ng1 Qb6 21.
Ne2 b4 22. Ra1 bxc3 23. bxc3 c4 24. f4 Qb3 25. Qxb3 cxb3 26. a4 Rb8 27. Rb1
Ne7 28. Bd2 Nc8 29. c4 dxc4 30. Nxc4 Nb6 31. Rbxb3 Bb4 32. Nxa5 Nd5 33. Nc6
Bxd2+ 34. Kxd2 Rxb3 35. Rxb3 Kd7 36. Na5 Ra8 37. Rg3 Nac7 38. Nb3 Ne8 39.
Nc5+ Ke7 40. Rb3 Nec7 41. Rb7 Kd8 42. g3 Ne7 43. Kd3 Kc8 44. Nc3 Kd8 45.
N5e4 Nc6 46. Nd6 f5 47. exf6 gxf6 48. Nf7+ Kc8 49. Rb6 Kd7 50. Nxh6 f5 51.
g4 fxg4 52. Nxg4 Rf8 53. Ne5+ Nxe5+ 54. fxe5 Rf3+ 55. Kc4 Rf4 56. Rb8 Rh4
57. Rh8 Kc6 58. h6 1-0

[Event "3rd ACT"]
[Site "Amsterdam NED"]
[Date "2006.07.21"]
[Round "7"]
[White "Schoorl,R"]
[Black "Doggers,P"]
[Result "1/2-1/2"]
[WhiteElo "2289"]
[BlackElo "2232"]
[EventDate "2006.07.15"]

1. e4 e5 2. Nf3 Nc6 3. Bb5 a6 4. Ba4 Nf6 5. O-O Be7 6. Bxc6 dxc6 7. Nc3 Bd6
8. d4 Bg4 9. dxe5 Bxf3 10. Qxf3 Bxe5 11. Bf4 Qe7 12. Rad1 O-O 13. Bxe5 Qxe5
14. Qg3 Qa5 15. Qd3 1/2-1/2

[Event "3rd ACT"]
[Site "Amsterdam NED"]
[Date "2006.07.21"]
[Round "7"]
[White "Valenti,G"]
[Black "Breivik,L"]
[Result "1/2-1/2"]
[WhiteElo "2273"]
[BlackElo "2226"]
[EventDate "2006.07.15"]

1. e4 c5 2. Nf3 Nc6 3. d4 cxd4 4. Nxd4 Nf6 5. Nc3 e5 6. Ndb5 d6 7. a4 a6 8.
Na3 Be7 9. Nc4 Nxe4 10. Nxe4 d5 11. Nc3 dxc4 12. Qxd8+ Bxd8 13. Bxc4 Bf5
14. Bd3 Bxd3 15. cxd3 Nb4 16. Ke2 Nc2 17. Rb1 Nd4+ 18. Kd1 O-O 19. Be3 Bb6
20. Ne2 Rfd8 21. Nxd4 Bxd4 22. Ke2 Rd7 23. Rhe1 f5 24. f3 Rc8 25. Bxd4 Rxd4
26. Rbc1 Rcd8 27. b3 Rb4 28. Rc3 Kf7 29. Rb1 Rd7 30. Rc4 Rb6 31. Ke3 Rh6
32. Rh1 Rb6 33. Rb1 Rbd6 34. Rd1 Rb6 1/2-1/2

[Event "3rd ACT"]
[Site "Amsterdam NED"]
[Date "2006.07.21"]
[Round "7"]
[White "Burg,T"]
[Black "Cornelisse,J"]
[Result "1-0"]
[WhiteElo "2268"]
[BlackElo "2216"]
[EventDate "2006.07.15"]

1. e4 d6 2. d4 Nf6 3. Nc3 g6 4. f4 Bg7 5. Nf3 c5 6. dxc5 Qa5 7. Bd3 Qxc5 8.
Qe2 Bg4 9. Be3 Qa5 10. O-O O-O 11. h3 Bxf3 12. Qxf3 Nc6 13. Ne2 Nd7 14. c3
Nde5 15. fxe5 Nxe5 16. Qg3 Nxd3 17. Bg5 Qb6+ 18. Kh1 Nc5 19. Bxe7 Rfe8 20.
Qxd6 Qxd6 21. Bxd6 Nxe4 22. Bf4 Rad8 23. Ng3 Nxg3+ 24. Bxg3 Rd2 25. Rae1
Rxe1 26. Rxe1 Bf6 27. Bf4 Rd7 28. Bh6 Be7 29. Be3 Bh4 30. Rf1 a6 31. Bd4
Re7 32. Bf6 Re1 33. Rxe1 Bxe1 34. Kg1 Kf8 35. Kf1 Bg3 36. Ke2 Ke8 37. Kf3
Bd6 38. Ke4 Kd7 39. Kd5 h5 40. c4 Be7 41. Bc3 Bd6 42. Bf6 Be7 43. Bxe7 Kxe7
44. c5 a5 45. b3 g5 46. Ke5 g4 47. h4 Kd7 48. Kf6 Kc6 49. Kg5 f5 50. Kxf5
Kxc5 51. Kg5 Kb4 52. Kxh5 1-0

[Event "3rd ACT"]
[Site "Amsterdam NED"]
[Date "2006.07.21"]
[Round "7"]
[White "Van Vliet,J"]
[Black "De Saegher,C"]
[Result "0-1"]
[WhiteElo "2250"]
[BlackElo "2203"]
[EventDate "2006.07.15"]

1. e4 c6 2. d4 d5 3. Nc3 dxe4 4. Nxe4 Bf5 5. Ng3 Bg6 6. Bc4 e6 7. N1e2 Nf6
8. O-O Bd6 9. Bf4 Be7 10. Re1 O-O 11. Bd3 c5 12. Bxg6 hxg6 13. c4 Nc6 14.
dxc5 Bxc5 15. Qb3 e5 16. Be3 Bxe3 17. Qxe3 Qb6 18. Qxb6 axb6 19. Nc3 Rfd8
20. Rad1 Rd4 21. b3 Kf8 22. Nge2 Rxd1 23. Rxd1 Ke7 24. Na4 Ra6 25. Nec3 g5
26. Nb5 Nd7 27. Nc7 Ra5 28. Nd5+ Ke6 29. Rd2 Nd4 30. Nac3 g4 31. Nc7+ Ke7
32. N7b5 Nxb5 33. Nxb5 Ra8 34. Nc3 Ke6 35. Nd5 Rc8 36. g3 f5 37. Kg2 g5 38.
Nc3 Nc5 39. h3 gxh3+ 40. Kxh3 g4+ 41. Kg2 e4 42. Nd5 Nd7 43. Kf1 Rc5 44.
Ke2 b5 45. Nf4+ Ke7 46. cxb5 Rc1 47. Nd5+ Ke6 48. Ne3 Ne5 49. Rd1 Nd3 50.
Rxc1 Nxc1+ 51. Kd2 Nxa2 52. Nc4 Nb4 53. Ke3 Nc2+ 54. Kf4 Kf6 55. Nd6 Nd4
56. b6 Ne6+ 57. Ke3 Nc5 58. b4 Nd7 59. Kd4 Nxb6 60. Nxb7 Ke6 61. b5 Na4 62.
Nc5+ Nxc5 63. Kxc5 f4 64. Kd4 e3 65. b6 Kd6 0-1

[Event "3rd ACT"]
[Site "Amsterdam NED"]
[Date "2006.07.21"]
[Round "7"]
[White "Moll,A"]
[Black "Hopman,P"]
[Result "1/2-1/2"]
[WhiteElo "2180"]
[BlackElo "2304"]
[EventDate "2006.07.15"]

1. e4 e5 2. Nf3 Nf6 3. Nxe5 d6 4. Nf3 Nxe4 5. Nc3 Nxc3 6. dxc3 Be7 7. Be3
Nd7 8. Qd2 c6 9. O-O-O O-O 10. h4 Re8 11. h5 Nf6 12. Bd3 Nd5 13. Bg5 Bg4
14. Rdg1 h6 15. Bxh6 gxh6 16. Qxh6 f5 17. Qg6+ Kh8 18. Qh6+ Kg8 19. Qg6+
Kh8 20. Qh6+ 1/2-1/2

[Event "3rd ACT"]
[Site "Amsterdam NED"]
[Date "2006.07.21"]
[Round "7"]
[White "Timman,T"]
[Black "Heemskerk,W"]
[Result "0-1"]
[WhiteElo "2260"]
[BlackElo "2298"]
[EventDate "2006.07.15"]

1. d4 e6 2. c4 Nf6 3. Nc3 Bb4 4. Qc2 Nc6 5. Nf3 O-O 6. Bg5 Re8 7. e3 h6 8.
Bh4 d6 9. Rd1 Qe7 10. Be2 e5 11. O-O Bxc3 12. Qxc3 a5 13. c5 exd4 14. Nxd4
Nxd4 15. Rxd4 dxc5 16. Rf4 Ne4 17. Bxe7 Nxc3 18. bxc3 Rxe7 19. Bf3 Rb8 20.
a4 Be6 21. h4 Rd7 22. g4 g5 0-1

[Event "3rd ACT"]
[Site "Amsterdam NED"]
[Date "2006.07.21"]
[Round "7"]
[White "Strating,S"]
[Black "Van Gool,H"]
[Result "1-0"]
[WhiteElo "2279"]
[BlackElo "2208"]
[EventDate "2006.07.15"]

1. d4 Nf6 2. c4 e6 3. Nf3 d5 4. Nc3 Nbd7 5. Bf4 c6 6. e3 Be7 7. h3 O-O 8.
Rc1 b6 9. cxd5 exd5 10. Bd3 Bb7 11. O-O c5 12. dxc5 bxc5 13. Be2 Qb6 14.
Qc2 Rac8 15. Rfd1 Rfd8 16. b3 Nf8 17. Na4 Qa5 18. Be5 Ne4 19. Nd2 c4 20.
Nxe4 dxe4 21. Rxd8 Bxd8 22. Bc3 cxb3 23. axb3 Qg5 24. Qd2 Rc6 25. Bd4 Ng6
26. Rxc6 Bxc6 27. Bxa7 Nh4 28. g3 Bc7 29. Bb6 Bxb6 30. Nxb6 Nf5 31. Kh2 h5
32. Bc4 Qf6 33. Qe2 g6 34. Kg2 Bb7 35. Na4 Qg5 36. Kh2 Bc8 37. Nc3 Qe7 38.
Nd5 Qe5 39. Kg2 h4 40. g4 Nh6 41. Qd1 Qg5 42. Qd4 Nxg4 43. hxg4 Qxg4+ 44.
Kf1 Qf3 45. Qxe4 Qd1+ 46. Kg2 h3+ 47. Kh2 Kf8 48. Qe7+ Kg7 49. Qf6+ 1-0

[Event "3rd ACT"]
[Site "Amsterdam NED"]
[Date "2006.07.21"]
[Round "7"]
[White "Bakker,S"]
[Black "Overeem,M"]
[Result "1-0"]
[WhiteElo "2231"]
[BlackElo "2243"]
[EventDate "2006.07.15"]

1. d4 d5 2. c4 e6 3. Nc3 c6 4. Nf3 Nf6 5. Bg5 dxc4 6. e4 b5 7. e5 h6 8. Bh4
g5 9. Nxg5 hxg5 10. Bxg5 Nbd7 11. g3 Bb7 12. Bg2 Qb6 13. exf6 O-O-O 14. O-O
Bh6 15. Ne4 c5 16. Bxh6 Bxe4 17. Bxe4 Rxh6 18. dxc5 Qxc5 19. Bg2 Ne5 20.
Qe2 Qd4 21. b3 Rxf6 22. bxc4 bxc4 23. Rac1 Nd3 24. Rc2 Rf5 25. Rd1 Rc5 26.
Qf3 Rc7 27. Bf1 Rd5 28. Bxd3 cxd3 29. Rxc7+ Kxc7 30. Qxf7+ Kd6 31. Qf8+ Kd7
32. Qf7+ Kd6 33. Qf8+ Kd7 34. Rb1 d2 35. Rb7+ Kc6 36. Qc8+ Kd6 37. Qc7+ 1-0

[Event "3rd ACT"]
[Site "Amsterdam NED"]
[Date "2006.07.21"]
[Round "7"]
[White "Witt,Rob"]
[Black "Hofland,L"]
[Result "1/2-1/2"]
[WhiteElo "2296"]
[BlackElo "2272"]
[EventDate "2006.07.15"]

1. d4 f5 2. Nc3 d5 3. Bf4 a6 4. e3 Nf6 5. Bd3 e6 6. Nf3 Be7 7. O-O O-O 8.
Ne2 Nbd7 9. c4 Ne4 10. Ne5 Nxe5 11. Bxe5 Nd6 12. Qc2 c6 13. c5 Nf7 14. b4
Bf6 15. f4 Nh6 16. Qd2 Bd7 17. Nc1 Qe8 18. Be2 Bd8 19. Bd6 Be7 20. Bxe7
Qxe7 21. Nd3 Nf7 22. Rfb1 Rfb8 23. a3 Qd8 24. Nb2 Qc7 25. Na4 Rd8 26. Nb6
Rab8 27. Bd3 Be8 28. Na4 Ra8 29. Qe2 g6 30. Rb2 Kg7 31. h3 Kh8 32. Rab1 Kg7
33. Kh1 Kh8 34. Qf2 Kg7 35. g4 Qe7 36. Rg1 Bd7 37. Qg3 Kh8 38. Nb6 Rab8 39.
Rh2 Rg8 40. Rhg2 Rbf8 41. g5 Be8 42. Qe1 Qd8 43. h4 Kg7 44. Qe2 h6 45. Rh2
hxg5 46. hxg5 Rh8 47. Rgg2 Rxh2+ 48. Rxh2 Rh8 49. Kg1 Rxh2 50. Qxh2 Qe7 51.
Kf1 Qf8 52. Ke1 Qh8 53. Qxh8+ Kxh8 54. Kd2 Kg7 55. Kc3 Kf8 56. Kb3 Ke7 57.
Ka4 Kd8 58. Ka5 Kc7 59. Na8+ Kb8 60. Nb6 Kc7 61. Na4 Bd7 62. Nc3 Be8 63.
Ne2 Bd7 64. Ng1 Be8 65. Nf3 Bd7 66. Nh4 Nh8 67. Be2 Be8 68. a4 Bd7 69. Bd3
Bc8 70. Nf3 Nf7 71. Nd2 Nd8 72. Nb1 Nf7 73. Nc3 Nd8 74. Bf1 Nf7 75. Be2 Nd8
76. Nd1 Nf7 77. Nb2 Nd8 78. Nd3 Nf7 79. Ne5 Nxe5 80. fxe5 Bd7 81. Bd3 Bc8
82. Bf1 Bd7 83. Be2 Be8 1/2-1/2

[Event "3rd ACT"]
[Site "Amsterdam NED"]
[Date "2006.07.22"]
[Round "8"]
[White "Erenburg,S"]
[Black "Al Modiahki,M"]
[Result "1-0"]
[WhiteElo "2585"]
[BlackElo "2564"]
[EventDate "2006.07.15"]

1. e4 c5 2. Nf3 d6 3. d4 cxd4 4. Nxd4 Nf6 5. Nc3 a6 6. Be3 e5 7. Nf3 Qc7 8.
a4 b6 9. Qd3 Nbd7 10. Qc4 Qxc4 11. Bxc4 h6 12. Nd5 Nxd5 13. Bxd5 Rb8 14. a5
Be7 15. Nd2 Bd8 16. Nc4 Ke7 17. axb6 Nxb6 18. Bxb6 Bxb6 19. Ke2 h5 20. c3
h4 21. Ra4 Bc7 22. Rha1 a5 23. b4 Ba6 24. bxa5 Rb2+ 25. Ke1 Rc2 26. R4a2
Rxa2 27. Rxa2 Rb8 28. Ne3 Rb1+ 29. Kd2 Bb8 30. Bc4 Bc8 31. Nd5+ Kd8 32. Nb4
Bd7 33. Nd3 Ba7 34. a6 Rg1 35. Rb2 Bc8 36. Nb4 Bd7 37. Nd3 Bc8 38. Nb4 Bd7
39. Nd5 Bc8 40. Ne3 Ra1 41. Nf5 d5 42. Bxd5 Bxa6 43. c4 Rf1 44. Kd3 Rxf2
45. Rxf2 Bxf2 46. Nxg7 f6 47. h3 Bc8 48. Be6 Bb7 49. Nf5 Kc7 50. Ke2 Bc5
51. Kf3 Bb4 52. Nxh4 Kd6 53. Bd5 Bc8 54. g4 Bd2 55. Ke2 Bc1 56. Nf3 Kc5 57.
Nd2 Kb4 58. Kd3 Bb2 59. Nf1 Bc1 60. Ne3 Kc5 61. h4 Bxe3 62. Kxe3 Bxg4 63.
Bf7 f5 64. h5 fxe4 65. h6 Bf5 66. Bd5 Bh7 67. Bxe4 Bg8 68. Bf5 Kb4 69. Ke4
1-0

[Event "3rd ACT"]
[Site "Amsterdam NED"]
[Date "2006.07.22"]
[Round "8"]
[White "Tukmakov,V"]
[Black "Van der Weide,K"]
[Result "1-0"]
[WhiteElo "2560"]
[BlackElo "2446"]
[EventDate "2006.07.15"]

1. d4 Nf6 2. c4 g6 3. Nc3 d5 4. Bf4 Bg7 5. e3 O-O 6. cxd5 Nxd5 7. Nxd5 Qxd5
8. Bxc7 Bf5 9. Ne2 Rc8 10. Nc3 Qc6 11. Bg3 Na6 12. Be2 Qxg2 13. Bf3 Qh3 14.
Bxb7 Nb4 15. Qf3 e5 16. Bxa8 exd4 17. Nd5 Bf8 18. Nf4 Nc2+ 19. Kd1 Qh6 20.
e4 Bd7 21. Rc1 d3 22. Qxd3 Bg4+ 23. f3 Nb4 24. Qe3 Rxa8 25. fxg4 Qg5 26.
Ke2 1-0

[Event "3rd ACT"]
[Site "Amsterdam NED"]
[Date "2006.07.22"]
[Round "8"]
[White "Hendriks,W"]
[Black "Cuijpers,F"]
[Result "1/2-1/2"]
[WhiteElo "2426"]
[BlackElo "2510"]
[EventDate "2006.07.15"]

1. e4 e5 2. Bc4 Nf6 3. d3 c6 4. Nf3 d5 5. Bb3 Bd6 6. exd5 Nxd5 7. O-O O-O
8. Re1 Re8 9. Nbd2 Bg4 10. h3 Bh5 11. Ne4 Na6 12. Bg5 Qd7 13. Nxe5 Bxe5 14.
Qxh5 Bxb2 15. Rab1 Bd4 16. Bd2 Nc5 17. Nxc5 Bxc5 18. c3 Rad8 19. d4 Bf8 20.
Qf3 b5 21. a4 Nb6 22. a5 Nd5 23. a6 g6 24. Bg5 Rc8 25. Re5 Bg7 26. Rxe8+
Rxe8 27. Bd2 h5 28. Bg5 Kh7 29. c4 Nc7 30. cxb5 Nxb5 31. Qxf7 Qxf7 32. Bxf7
Rf8 33. Bc4 Bxd4 34. Bxb5 Bxf2+ 35. Kh2 cxb5 36. Rxb5 h4 37. Rb7+ Kg8 38.
Bxh4 Bxh4 39. Rxa7 Bf2 40. Rd7 Rf7 41. Rxf7 1/2-1/2

[Event "3rd ACT"]
[Site "Amsterdam NED"]
[Date "2006.07.22"]
[Round "8"]
[White "Cox,JJ"]
[Black "Parker,J"]
[Result "1/2-1/2"]
[WhiteElo "2418"]
[BlackElo "2509"]
[EventDate "2006.07.15"]

1. d4 e6 2. c4 Bb4+ 3. Bd2 Bxd2+ 4. Qxd2 d5 5. Nc3 Nf6 6. Nf3 O-O 7. e3 Qe7
8. Rc1 Rd8 9. Qc2 dxc4 10. Bxc4 c5 11. O-O Nc6 12. dxc5 1/2-1/2